A collection of the customs' tariffs of all nations : based upon a translation of the work of Mr. Hübner, augmented by additional information, brought down to the end of the year 1854 /
Saved in:
| Main Author: | |
|---|---|
| Other Authors: | |
| Format: | Book |
| Language: | English German |
| Published: |
London :
John Murray,
1855
|
| Subjects: |
| LEADER | 01330nam a2200301 a 4500 | ||
|---|---|---|---|
| 001 | c000387828 | ||
| 003 | CARM | ||
| 005 | 00000000000000.0 | ||
| 008 | 950906s1855 enk 00100 eng d | ||
| 019 | 1 | |a 13919474 |z 11207045 |5 LACONCORD2021 | |
| 035 | |a (OCoLC)33088609 |5 LACONCORD2021 | ||
| 040 | |a VDU |c VDU | ||
| 041 | 1 | |a eng |h ger | |
| 082 | 0 | 4 | |a 382.7 |
| 100 | 1 | |a Hübner, Otto, |d 1818-1877. | |
| 240 | 1 | 0 | |a Zolltarife aller Länder. |l English. |
| 245 | 1 | 2 | |a A collection of the customs' tariffs of all nations : |b based upon a translation of the work of Mr. Hübner, augmented by additional information, brought down to the end of the year 1854 / |c by C.N. Newdegate. |
| 246 | 1 | 4 | |a Customs' tariffs of all nations up to the year 1855. |
| 260 | |a London : |b John Murray, |c 1855 |e ([London] : |f W.M. Watts) | ||
| 300 | |a [2], iii, [4], 368, [3] p. |c 30 cm. | ||
| 500 | |a Includes index. | ||
| 500 | |a Murray file copy no. 177. | ||
| 650 | 0 | |a Tariff |x Law and legislation. | |
| 700 | 1 | |a Newdegate, Charles Newdigate, |d 1816-1887. | |
| 740 | 0 | |a Customs' tariffs of all nations up to the year 1855. | |
| 852 | 8 | |b CARM |h A3:AI20D0 |i F07876 |p 0475665 |f BK | |
| 999 | f | f | |i 029ba778-4dbe-5bbd-ad59-bfcdc78064b5 |s 97eafbc2-21f7-5213-964f-5cfc143f30c4 |
| 952 | f | f | |p Can circulate |a CAVAL |b CAVAL |c CAVAL |d CARM 1 Store |e F07876 |f A3:AI20D0 |h Other scheme |i book |m 0475665 |